| 000 | 00000nam##2200000za#4500 |
| 001 | 9.638222 |
| 003 | CaOODSP |
| 005 | 20240209132621 |
| 007 | cr ||||||||||| |
| 008 | 150407|2004||||xxc|||||o f|0| 0 fre|d |
| 040 | |aCaOODSP|bfre |
| 043 | |an-cn--- |
| 086 | 1 |aC89-4/122-2004F-PDF |
| 110 | 2 |aAgence de promotion économique du Canada atlantique. |
| 245 | 10|aProgramme de partenariat sur l'exportation / |h[ressource électronique]|c[émis par] APECA Nouveau-Brunswick |
| 260 | |bAgence de promotion économique du Canada atlantique |c[200-?]. |
| 300 | |a1p.|bphotographies |
| 546 | |aFrançais. |
| 590 | |a10-15-Supp|b2010-12-10 |
| 691 | 07|aEntreprise|2gcpds |
| 775 | 08|tExport Partnering Program / |w(CaOODSP)9.694024 |
| 856 | 40|ahttp://publications.gc.ca|qPDF|s645 Ko|uhttps://publications.gc.ca/collections/collection_2010/apeca-acoa/C89-4-122-2004-fra.pdf |